A textbook of production technology (Record no. 5901)
[ view plain ]
| 000 -LEADER | |
|---|---|
| fixed length control field | 00424nam a2200169Ia 4500 |
| 008 - FIXED-LENGTH DATA ELEMENTS--GENERAL INFORMATION | |
| fixed length control field | 230711s9999||||xx |||||||||||||| ||und|| |
| 020 ## - INTERNATIONAL STANDARD BOOK NUMBER | |
| International Standard Book Number | 978-81-219-1114-6 |
| 041 ## - LANGUAGE CODE | |
| Language code of text/sound track or separate title | ENG |
| 082 ## - DEWEY DECIMAL CLASSIFICATION NUMBER | |
| Classification number | 670 |
| Item number | SH-A |
| 100 ## - MAIN ENTRY--PERSONAL NAME | |
| Personal name | Sharma,P.C |
| 245 #2 - TITLE STATEMENT | |
| Title | A textbook of production technology |
| 250 ## - EDITION STATEMENT | |
| Edition statement | 3rd Ed. |
| 260 ## - PUBLICATION, DISTRIBUTION, ETC. | |
| Date of publication, distribution, etc. | 2014 |
| Place of publication, distribution, etc. | New Delhi |
| Name of publisher, distributor, etc. | S.Chand & Company Ltd |
| 300 ## - PHYSICAL DESCRIPTION | |
| Extent | 834p. |
| 650 ## - SUBJECT ADDED ENTRY--TOPICAL TERM | |
| Topical term or geographic name entry element | Mechanical Engineering |
| 942 ## - ADDED ENTRY ELEMENTS (KOHA) | |
| Koha item type | Book |
| Withdrawn status | Lost status | Damaged status | Not for loan | Collection | Home library | Current library | Date acquired | Cost, normal purchase price | Inventory number | Total checkouts | Full call number | Barcode | Date last seen | Price effective from | Koha item type | Date last checked out |
|---|---|---|---|---|---|---|---|---|---|---|---|---|---|---|---|---|
| MRSPTU Central Library | MRSPTU Central Library | 695.00 | 742483 | 670 SH-A | 31795 | 08/17/2023 | 08/17/2023 | Book | ||||||||
| MRSPTU Central Library | MRSPTU Central Library | 671 SH-T | 14400 | 08/17/2023 | 08/17/2023 | Book | ||||||||||
| MRSPTU Central Library | MRSPTU Central Library | 671 SH-T | 14401 | 08/17/2023 | 08/17/2023 | Book | ||||||||||
| MRSPTU Central Library | MRSPTU Central Library | 671 SH-T | 14402 | 08/17/2023 | 08/17/2023 | Book | ||||||||||
| MRSPTU Central Library | MRSPTU Central Library | 671 SH-T | 14403 | 08/17/2023 | 08/17/2023 | Book | ||||||||||
| MRSPTU Central Library | MRSPTU Central Library | 695.00 | 742483 | 670 SH-A | 31796 | 08/17/2023 | 08/17/2023 | Book | ||||||||
| MRSPTU Central Library | MRSPTU Central Library | 695.00 | 742483 | 670 SH-A | 31797 | 08/17/2023 | 08/17/2023 | Book | ||||||||
| MRSPTU Central Library | MRSPTU Central Library | 695.00 | 742483 | 670 SH-A | 31798 | 08/17/2023 | 08/17/2023 | Book | ||||||||
| MRSPTU Central Library | MRSPTU Central Library | 695.00 | 742483 | 670 SH-A | 31799 | 08/17/2023 | 08/17/2023 | Book | ||||||||
| MRSPTU Central Library | MRSPTU Central Library | 695.00 | 742483 | 670 SH-A | 31800 | 08/17/2023 | 08/17/2023 | Book | ||||||||
| MRSPTU Central Library | MRSPTU Central Library | 695.00 | 742483 | 670 SH-A | 31801 | 08/17/2023 | 08/17/2023 | Book | ||||||||
| MRSPTU Central Library | MRSPTU Central Library | 695.00 | 742483 | 670 SH-A | 31802 | 09/04/2023 | 08/17/2023 | Book | ||||||||
| MRSPTU Central Library | MRSPTU Central Library | 670 SH-A | 33376 | 08/17/2023 | 08/17/2023 | Book | ||||||||||
| MRSPTU Central Library | MRSPTU Central Library | 670 SH-A | 33377 | 08/17/2023 | 08/17/2023 | Book | ||||||||||
| MRSPTU Central Library | MRSPTU Central Library | 670 SH-A | 33378 | 08/17/2023 | 08/17/2023 | Book | ||||||||||
| MRSPTU Central Library | MRSPTU Central Library | 670 SH-A | 33379 | 08/17/2023 | 08/17/2023 | Book | ||||||||||
| MRSPTU Central Library | MRSPTU Central Library | 670 SH-A | 33380 | 08/17/2023 | 08/17/2023 | Book | ||||||||||
| MRSPTU Central Library | MRSPTU Central Library | 670 SH-A | 33381 | 08/17/2023 | 08/17/2023 | Book | ||||||||||
| MRSPTU Central Library | MRSPTU Central Library | 670 SH-A | 33382 | 08/17/2023 | 08/17/2023 | Book | ||||||||||
| MRSPTU Central Library | MRSPTU Central Library | 670 SH-A | 33383 | 08/17/2023 | 08/17/2023 | Book | ||||||||||
| MRSPTU Central Library | MRSPTU Central Library | 670 SH-A | 33384 | 08/17/2023 | 08/17/2023 | Book | ||||||||||
| MRSPTU Central Library | MRSPTU Central Library | 670 SH-A | 33385 | 08/17/2023 | 08/17/2023 | Book | ||||||||||
| MRSPTU Central Library | MRSPTU Central Library | 670 SH-A | 33386 | 08/17/2023 | 08/17/2023 | Book | ||||||||||
| MRSPTU Central Library | MRSPTU Central Library | 670 SH-A | 33387 | 08/17/2023 | 08/17/2023 | Book | ||||||||||
| MRSPTU Central Library | MRSPTU Central Library | 670 SH-A | 33388 | 08/17/2023 | 08/17/2023 | Book | ||||||||||
| MRSPTU Central Library | MRSPTU Central Library | 670 SH-A | 33389 | 08/17/2023 | 08/17/2023 | Book | ||||||||||
| MRSPTU Central Library | MRSPTU Central Library | 670 SH-A | 33390 | 08/17/2023 | 08/17/2023 | Book | ||||||||||
| MRSPTU Central Library | MRSPTU Central Library | 670 SH-A | 33391 | 08/17/2023 | 08/17/2023 | Book | ||||||||||
| MRSPTU Central Library | MRSPTU Central Library | 670 SH-A | 33392 | 08/17/2023 | 08/17/2023 | Book | ||||||||||
| MRSPTU Central Library | MRSPTU Central Library | 670 SH-A | 33393 | 08/17/2023 | 08/17/2023 | Book | ||||||||||
| MRSPTU Central Library | MRSPTU Central Library | 670 SH-A | 33394 | 08/17/2023 | 08/17/2023 | Book | ||||||||||
| MRSPTU Central Library | MRSPTU Central Library | 670 SH-A | 33395 | 08/17/2023 | 08/17/2023 | Book | ||||||||||
| MRSPTU Central Library | MRSPTU Central Library | 670 SH-A | 33396 | 08/17/2023 | 08/17/2023 | Book | ||||||||||
| MRSPTU Central Library | MRSPTU Central Library | 670 SH-A | 33397 | 08/17/2023 | 08/17/2023 | Book | ||||||||||
| MRSPTU Central Library | MRSPTU Central Library | 670 SH-A | 33398 | 08/17/2023 | 08/17/2023 | Book | ||||||||||
| MRSPTU Central Library | MRSPTU Central Library | 670 SH-A | 33399 | 08/17/2023 | 08/17/2023 | Book | ||||||||||
| MRSPTU Central Library | MRSPTU Central Library | 1 | 670 SH-A | 33400 | 06/06/2024 | 08/17/2023 | Book | 02/10/2024 |
